Ricostruisci la Carriera del Calciatore - Álvaro Arbeloa - Statistics

Statistiche generali
  • Questo quiz è stato fatto 9 volte
  • Il punteggio medio è 4 su 6
Statistiche sulle risposte
Hint Risposta % Corretto
2003-2006 Real Madrid B
100%
2006-2007 Deportivo La Coruña
67%
2004-2005 Real Madrid
50%
2009-2016 Real Madrid
50%
2016-2017 West Ham Utd
50%
2007-2009 Liverpool
33%
Nessun quiz corrispondente trovato
Distribuzione punteggi
Percentuale di utenti per punteggio
Percentile per numero di risposta
I tuoi punteggi nel tempo
Non hai fatto questo quiz